Japan's dependence on the world economy : (Record no. 125372)

MARC details
000 -LEADER
fixed length control field 00768nam a22002417a 4500
005 - DATE AND TIME OF LATEST TRANSACTION
control field 20170124105952.0
010 ## - LIBRARY OF CONGRESS CONTROL NUMBER
LC control number 631089
020 ## - INTERNATIONAL STANDARD BOOK NUMBER
Terms of availability 6.00
035 ## - SYSTEM CONTROL NUMBER
System control number 631089
037 ## - SOURCE OF ACQUISITION
Source of stock number/acquisition Cen Lib/Ret
040 ## - CATALOGING SOURCE
Original cataloging agency DPL
Language of cataloging EN
082 ## - DEWEY DECIMAL CLASSIFICATION NUMBER
Classification number 338.952
Item number HOL
100 ## - MAIN ENTRY--PERSONAL NAME
Personal name Hollerman, Leon
9 (RLIN) 13907
245 ## - TITLE STATEMENT
Title Japan's dependence on the world economy :
Statement of responsibility, etc by Leon Hollerman
Remainder of title the approach towards economic liberalization /
246 ## - VARYING FORM OF TITLE
Remainder of title
260 ## - PUBLICATION, DISTRIBUTION, ETC. (IMPRINT)
Name of publisher, distributor, etc Scientific Book Agency
Place of publication, distribution, etc Calcutta
Date of publication, distribution, etc 1971
270 ## - ADDRESS
Address 22 Raja Woodmunt Street
City Calcutta
300 ## - PHYSICAL DESCRIPTION
Extent xv,291p. :
Dimensions 21cm(Hb)
Other physical details ill.
500 ## - GENERAL NOTE
General note Includes index.<br/>
650 ## - SUBJECT ADDED ENTRY--TOPICAL TERM
Topical term or geographic name as entry element Japan -- Foreign economic relations.
9 (RLIN) 13908
650 ## - SUBJECT ADDED ENTRY--TOPICAL TERM
Topical term or geographic name as entry element Japan -- Commercial policy.
9 (RLIN) 13909
942 ## - ADDED ENTRY ELEMENTS (KOHA)
Source of classification or shelving scheme Dewey Decimal Classification
Koha item type English Books
Classification part 338.952
Call number suffix HOL
Holdings
Withdrawn status Lost status Damaged status Not for loan Home library Current library Date acquired Source of acquisition Cost, normal purchase price Total Checkouts Full call number Barcode Date last seen Copy number Cost, replacement price Price effective from Koha item type Public note
Written off       Central Library Central Library 20/06/2015 Cen Lib/Ret 6.00   338.952 HOL 631089 20/06/2015 1 6.00 20/06/2015 English Books Written off on approval by DLB (By Circulation); dtd 15-06-2023

© Delhi Public Library
Hit Counter
free hit counter